000 00369 a2200157 4500
001 61550
020 _a8572631941
040 _cAnchieta - Pituba
100 _aFerreira, Edson Alberto Carvalho
240 1 0 _aVestibulares Resolvidos 2001
_lpor
245 1 0 _aVestibulares Resolvidos 2001
300 _a84
362 0 _a2001
650 4 _aEnsino superior
942 _cBK
999 _c61550
_d61550